[Event "33ème Open International d'Avoine"]
[Site "Avoine"]
[Date "2018.07.21"]
[Round "9.23"]
[White "Maloberti, David"]
[Black "Bonnaud, Remy"]
[Result "0-1"]
[WhiteElo "2136"]
[BlackElo "2234"]
[PlyCount "140"]
[EventDate "2018.??.??"]

1. d4 d5 2. Nf3 c6 3. Bf4 Nf6 4. e3 g6 5. Bd3 Bg7 6. Nc3 Nbd7 7. Ne5 Nh5 8. Qf3
Nxf4 9. exf4 Nxe5 10. fxe5 f6 11. exf6 Bxf6 12. Ne2 O-O 13. Qe3 c5 14. c3 cxd4
15. cxd4 Qa5+ 16. Qd2 Qxd2+ 17. Kxd2 e5 18. f3 exd4 19. h4 Bd7 20. Rac1 Bc6 21.
f4 Rae8 22. h5 g5 23. g3 Re3 24. Rcf1 Rfe8 25. Rh2 Bd7 26. Rc1 Bc6 27. Rf2 gxf4
28. gxf4 Rh3 29. Rg1+ Kh8 30. Bf5 Rxh5 31. Ng3 Rh4 32. Re1 Rxe1 33. Kxe1 Rh6
34. Ke2 Bh4 35. Rh2 Kg7 36. Nf1 Bf6 37. Rg2+ Kf8 38. Nh2 Bg7 39. Kf3 Be8 40.
Rc2 Rc6 41. Bxh7 Bh5+ 42. Kg3 Rxc2 43. Bxc2 d3 44. Bxd3 Bxb2 45. Kh4 Bf7 46. a4
Ke7 47. Ng4 Bf6+ 48. Nxf6 Kxf6 49. Kg4 d4 50. a5 Bd5 51. Kg3 b6 52. axb6 axb6
53. Kf2 Ke6 54. Ke2 Kd6 55. Kd2 Kc5 56. Bg6 b5 57. Bb1 Bc4 58. Bg6 Kd6 59. Bf5
Ke7 60. Bc8 Kf6 61. Bd7 b4 62. Kc2 Ke7 63. Bf5 Kd6 64. Bg6 Kc5 65. Kd2 b3 66.
Kc1 d3 67. f5 Kd4 68. Kb2 d2 69. Bh5 Ke3 70. f6 Kf2 0-1

[Event "33ème Open International d'Avoine"]
[Site "Avoine"]
[Date "2018.07.21"]
[Round "9.24"]
[White "Serralta, Michel"]
[Black "Daeschler, Florian"]
[Result "0-1"]
[WhiteElo "2126"]
[BlackElo "2228"]
[PlyCount "36"]
[EventDate "2018.??.??"]

1. d4 Nf6 2. Nf3 d5 3. e3 e6 4. Ne5 Nbd7 5. f4 Nxe5 6. fxe5 Ne4 7. Qf3 f5 8.
Bd3 Qh4+ 9. g3 Qh3 10. Bd2 Bd7 11. c4 Bc6 12. c5 Be7 13. Na3 O-O 14. b4 a6 15.
Nc2 Bb5 16. Ke2 Ng5 17. Qf1 Qg4+ 18. Ke1 Nf3+ 0-1

[Event "33ème Open International d'Avoine"]
[Site "Avoine"]
[Date "2018.07.21"]
[Round "9.25"]
[White "Frick, Christoph"]
[Black "Kavciyan, Yega"]
[Result "1-0"]
[WhiteElo "2215"]
[BlackElo "2039"]
[PlyCount "81"]
[EventDate "2018.??.??"]

1. e4 c5 2. Nc3 Nc6 3. g3 g6 4. Bg2 Bg7 5. d3 d6 6. Nh3 Rb8 7. O-O b5 8. a3 a5
9. f4 b4 10. axb4 axb4 11. Nd5 e6 12. Ne3 Qc7 13. f5 Nf6 14. g4 O-O 15. g5 Nd7
16. f6 Bh8 17. Nf4 Nde5 18. c3 bxc3 19. bxc3 Qb6 20. Kh1 Bd7 21. Rf2 Qb3 22.
Qe1 Qb6 23. Rb2 Qc7 24. d4 cxd4 25. cxd4 Bxf6 26. gxf6 Nxd4 27. Rxb8 Rxb8 28.
Ba3 Ndf3 29. Qc1 Qb6 30. Nc4 Nxc4 31. Qxc4 Nh4 32. Rd1 Nxg2 33. Kxg2 d5 34. Qd4
Qa5 35. Bb2 dxe4 36. Ne2 Bc6 37. Qd6 Qb6 38. Be5 Ra8 39. Nd4 Qb2+ 40. Kh1 Bb7
41. Nc6 1-0

[Event "33ème Open International d'Avoine"]
[Site "Avoine"]
[Date "2018.07.21"]
[Round "9.26"]
[White "Englisch, Colya"]
[Black "Degardin, Sylvain"]
[Result "0-1"]
[WhiteElo "2097"]
[BlackElo "2197"]
[PlyCount "174"]
[EventDate "2018.??.??"]

1. d4 Nf6 2. Nf3 g6 3. g3 Bg7 4. Bg2 O-O 5. O-O d5 6. c4 dxc4 7. Na3 c3 8. bxc3
c5 9. e3 Nc6 10. Qe2 Bf5 11. Bb2 Qb6 12. Rfc1 Rfd8 13. Nc4 Qa6 14. Bf1 Na5 15.
Nfd2 Ne4 16. Nxa5 Nxd2 17. Qxa6 bxa6 18. Bg2 Be4 19. Bxe4 Nxe4 20. Ba3 e5 21.
f3 Ng5 22. Bxc5 Nxf3+ 23. Kg2 e4 24. Rab1 Rd7 25. Rb2 h5 26. Rcb1 Bh6 27. Nc4
Rad8 28. Rb8 Ne1+ 29. Kf1 Nd3 30. Rxd8+ Rxd8 31. Bxa7 Rd5 32. Ne5 Bxe3 33. Ke2
Nxe5 34. Rb8+ Kg7 35. Kxe3 Ng4+ 36. Kxe4 Rd7 37. Bc5 Nxh2 38. d5 Nf1 39. Bf2 g5
40. c4 Re7+ 41. Kd3 g4 42. Rb1 Nh2 43. Rh1 Nf3 44. Rxh5 f6 45. d6 Rd7 46. c5
Kg6 47. Rh8 Kf5 48. Kc4 Ke4 49. Rh6 Ne5+ 50. Kc3 f5 51. Rh1 Kf3 52. Bd4 Nc6 53.
Rf1+ Kxg3 54. Rxf5 Kg2 55. Rg5 g3 56. Be5 Kf3 57. Bxg3 Ke4 58. Be1 Ne5 59. Kb3
Nf3 60. Rg6 Kd5 61. Bb4 Nd4+ 62. Kc3 Ne2+ 63. Kd2 Nf4 64. Rf6 Ne6 65. Rf5+ Kc6
66. Kd3 Rh7 67. Re5 Rh3+ 68. Re3 Nf4+ 69. Ke4 Rxe3+ 70. Kxe3 Nd5+ 71. Kd4 Nxb4
72. a3 Nc2+ 73. Kc3 Ne1 74. Kc4 Nf3 75. Kb4 Ne5 76. Ka5 Kb7 77. Kb4 Nd7 78. a4
Nb8 79. Kc4 Kc6 80. Kb4 Nd7 81. Ka5 Nxc5 82. d7 Kxd7 83. Kb6 Kd6 84. a5 Kd5 85.
Kc7 Nd3 86. Kb7 Nb4 87. Kb6 Kc4 0-1

[Event "33ème Open International d'Avoine"]
[Site "Avoine"]
[Date "2018.07.21"]
[Round "9.27"]
[White "Vallet, Marc"]
[Black "De La Fontaine, Christophe"]
[Result "1-0"]
[WhiteElo "2182"]
[BlackElo "1989"]
[PlyCount "61"]
[EventDate "2018.??.??"]

1. e4 e6 2. d4 d5 3. Nc3 dxe4 4. Nxe4 Be7 5. Nf3 Nd7 6. Be3 Ngf6 7. Nxf6+ Nxf6
8. Bd3 O-O 9. Qd2 b6 10. Ne5 Bb7 11. O-O-O c5 12. Kb1 Rc8 13. dxc5 bxc5 14. Qe2
Qc7 15. Bf4 c4 16. Bxc4 Qa5 17. f3 Nd5 18. Bd2 Qc7 19. Bb3 a5 20. Rhe1 Bf6 21.
f4 Bxe5 22. Qxe5 Qb6 23. f5 Rc5 24. fxe6 Nc3+ 25. Qxc3 Rxc3 26. exf7+ Kh8 27.
Bxc3 Bc6 28. Rd4 h5 29. Rd6 Kh7 30. Ba4 Rc8 31. Rxc6 1-0

[Event "33ème Open International d'Avoine"]
[Site "Avoine"]
[Date "2018.07.21"]
[Round "9.28"]
[White "Lucas, Jean-Christian"]
[Black "Trouve, Guillaume"]
[Result "0-1"]
[WhiteElo "2024"]
[BlackElo "2176"]
[PlyCount "74"]
[EventDate "2018.??.??"]

1. e4 c5 2. Nf3 d6 3. d4 cxd4 4. Nxd4 Nf6 5. Nc3 e6 6. Bc4 Be7 7. O-O O-O 8.
Kh1 a6 9. Bb3 b5 10. f4 b4 11. Nce2 Qc7 12. Ng3 Bb7 13. f5 e5 14. Nde2 Nbd7 15.
Bg5 Rfe8 16. c3 a5 17. Qd2 Qb6 18. Ba4 Bc6 19. Bxc6 Qxc6 20. cxb4 axb4 21. Rfc1
Qb5 22. a4 Rxa4 23. Qc2 Rxa1 24. Rxa1 h6 25. Be3 d5 26. exd5 Nxd5 27. Bg1 b3
28. Qe4 N7f6 29. Qa4 Qxa4 30. Rxa4 Rc8 31. Ne4 Rc2 32. Ra8+ Kh7 33. Nxf6+ Bxf6
34. Ng3 Rxb2 35. Ne4 Rb1 36. Rb8 Bg5 37. Nxg5+ hxg5 0-1

[Event "33ème Open International d'Avoine"]
[Site "Avoine"]
[Date "2018.07.21"]
[Round "9.29"]
[White "Meunier-Pion, Jean"]
[Black "Darpan, Inani"]
[Result "1/2-1/2"]
[WhiteElo "2170"]
[BlackElo "1969"]
[PlyCount "117"]
[EventDate "2018.??.??"]

1. e4 c5 2. Nf3 d6 3. d4 cxd4 4. Nxd4 Nf6 5. Nc3 a6 6. h3 e6 7. g4 d5 8. Nde2
Bb4 9. a3 Bxc3+ 10. Nxc3 Nxe4 11. Nxe4 dxe4 12. Qxd8+ Kxd8 13. Bg2 Bd7 14. Bd2
Bc6 15. O-O-O Nd7 16. Bc3 f6 17. Ba5+ Ke7 18. Bb4+ Kd8 19. Ba5+ Ke7 20. Rhe1 b6
21. Bb4+ Nc5 22. Rd4 Rac8 23. Bxe4 Bxe4 24. Rdxe4 Rc6 25. a4 a5 26. Bxc5+ bxc5
27. c3 c4 28. Rd4 Rd8 29. Rxd8 Kxd8 30. Rd1+ Ke7 31. Rd4 Rc5 32. Kc2 e5 33. Re4
Ke6 34. b4 cxb3+ 35. Kxb3 g6 36. c4 f5 37. gxf5+ gxf5 38. Rh4 e4 39. Rxh7 Ke5
40. Kc3 Kf4 41. Rh4+ Kf3 42. Kd4 Rc8 43. c5 Kxf2 44. Rf4+ Ke2 45. Rxf5 e3 46.
Re5 Kd2 47. Kd5 Rd8+ 48. Kc6 e2 49. Kb6 e1=Q 50. Rxe1 Kxe1 51. c6 Rd6 52. h4
Rh6 53. h5 Rxh5 54. c7 Rh6+ 55. Kb5 Rh5+ 56. Kb6 Rh6+ 57. Kb5 Rh5+ 58. Kb6 Rh6+
59. Kb5 1/2-1/2

[Event "33ème Open International d'Avoine"]
[Site "Avoine"]
[Date "2018.07.21"]
[Round "9.30"]
[White "Mevel, Alberic"]
[Black "Dupont, Arthur"]
[Result "1-0"]
[WhiteElo "2169"]
[BlackElo "1915"]
[PlyCount "85"]
[EventDate "2018.??.??"]

1. e4 g6 2. d4 Bg7 3. Nc3 c6 4. Nf3 d6 5. Be3 b5 6. Bd3 Nd7 7. O-O Nb6 8. h3
Nf6 9. Qd2 O-O 10. Bh6 b4 11. Ne2 c5 12. b3 Bb7 13. Ng3 Qc7 14. Bxg7 Kxg7 15.
c3 bxc3 16. Qxc3 Rac8 17. Rac1 Qb8 18. d5 e6 19. dxe6 fxe6 20. Ng5 Rce8 21. f4
h6 22. Nf3 d5 23. Nd2 d4 24. Qxc5 Rc8 25. Qe5 Qxe5 26. fxe5 Nfd7 27. Nf3 Rxf3
28. gxf3 Nxe5 29. Rxc8 Nxc8 30. Bb1 Ba6 31. Rd1 Nxf3+ 32. Kf2 Ng5 33. Rxd4
Nxh3+ 34. Ke3 Nb6 35. e5 Nd5+ 36. Kd2 Nhf4 37. Ra4 Bb5 38. Rxa7+ Kg8 39. a4 Bc6
40. Ra6 Bb7 41. Rd6 Kf8 42. Rd8+ Ke7 43. Rh8 1-0

[Event "33ème Open International d'Avoine"]
[Site "Avoine"]
[Date "2018.07.21"]
[Round "9.31"]
[White "Retailleau, Elise"]
[Black "Mancini, Mario"]
[Result "0-1"]
[WhiteElo "1901"]
[BlackElo "2157"]
[PlyCount "136"]
[EventDate "2018.??.??"]

1. e4 c5 2. Nf3 e6 3. d4 cxd4 4. Nxd4 a6 5. Bd3 Bc5 6. Nb3 Be7 7. O-O d6 8. f4
Nc6 9. Nc3 Nf6 10. Qe2 Qc7 11. Bd2 O-O 12. Rae1 Nd7 13. a3 Bh4 14. Rd1 Bf6 15.
Qh5 g6 16. Qg4 Bg7 17. f5 Nce5 18. Qg3 Nf6 19. Bg5 h6 20. Bc1 Bd7 21. Kh1 Rae8
22. Nd4 Kh7 23. Nce2 Nxd3 24. Qxd3 e5 25. Nf3 Bb5 26. Qe3 Ng4 27. Qd2 Qb6 28.
Qe1 Nf6 29. Nd2 Qc6 30. c4 Bxc4 31. Nxc4 Qxc4 32. Nc3 Rd8 33. Qh4 d5 34. Bg5
Rd6 35. Nxd5 Nxd5 36. exd5 Qxh4 37. Bxh4 g5 38. Be1 Rfd8 39. Bc3 Rxd5 40. Rxd5
Rxd5 41. Kg1 e4 42. f6 Bh8 43. Re1 Kg6 44. Rxe4 Bxf6 45. Bxf6 Kxf6 46. Re2 Re5
47. Rc2 Re7 48. Kf2 Kg6 49. Rd2 Re6 50. Rd7 b5 51. g3 Rc6 52. Rd2 Kf5 53. Rd7
Rc2+ 54. Kf3 g4+ 55. Ke3 f6 56. Rd5+ Ke6 57. Rh5 Rxb2 58. Rxh6 Ke5 59. Rh5+ f5
60. Rh8 Rb3+ 61. Kd2 Rxa3 62. Re8+ Kd4 63. Rd8+ Ke4 64. Re8+ Kf3 65. Rf8 Ra2+
66. Kc3 Rxh2 67. Rxf5+ Kxg3 68. Rf6 Ra2 0-1

[Event "33ème Open International d'Avoine"]
[Site "Avoine"]
[Date "2018.07.21"]
[Round "9.32"]
[White "Kumpen, Jona"]
[Black "Merenciano, Alexandre"]
[Result "1/2-1/2"]
[WhiteElo "1749"]
[BlackElo "2139"]
[PlyCount "122"]
[EventDate "2018.??.??"]

1. c4 e5 2. g3 Nc6 3. Bg2 Bc5 4. e3 a6 5. Nc3 d6 6. d3 h5 7. a3 h4 8. Bd2 hxg3
9. hxg3 Rxh1 10. Bxh1 Nf6 11. Ne4 Ba7 12. Qe2 Bf5 13. O-O-O Bxe4 14. Bxe4 Nxe4
15. dxe4 Qd7 16. Qh5 O-O-O 17. Qf5 Rh8 18. Nf3 Nd8 19. Qxd7+ Kxd7 20. b4 Rh6
21. Bc3 Ke8 22. Kd2 Ne6 23. Ke2 f6 24. Nh4 g5 25. Nf5 Rh2 26. g4 b6 27. Kf3 Kd7
28. Ng3 Rh6 29. Rh1 Rxh1 30. Nxh1 b5 31. cxb5 axb5 32. Ng3 c5 33. Ke2 Nc7 34.
Kd2 Ke6 35. f3 Na8 36. Bb2 Nb6 37. bxc5 Nc4+ 38. Kc3 Bxc5 39. Nf5 Bxa3 40. Bxa3
Nxa3 41. Kb4 Nb1 42. Kxb5 Nd2 43. Kc6 Nxf3 44. Nxd6 Nh2 45. Nf5 Nxg4 46. Kc5
Nf2 47. Ng3 g4 48. Kc4 Nxe4 49. Nxe4 f5 50. Nd2 e4 51. Nf1 f4 52. exf4 Kf5 53.
Kc3 Kxf4 54. Kd2 Kf3 55. Nh2+ Kg3 56. Nxg4 Kxg4 57. Ke3 Kf5 58. Ke2 Kf4 59. Kf2
e3+ 60. Ke1 Ke4 61. Ke2 Kd4 1/2-1/2

[Event "33ème Open International d'Avoine"]
[Site "Avoine"]
[Date "2018.07.21"]
[Round "9.33"]
[White "Schmit, Vincent"]
[Black "Nortier, Julien"]
[Result "1-0"]
[WhiteElo "2285"]
[BlackElo "1949"]
[PlyCount "131"]
[EventDate "2018.??.??"]

1. e4 d6 2. d4 Nf6 3. Nc3 g6 4. h3 Bg7 5. Nf3 O-O 6. Be3 c6 7. a4 a5 8. Be2 Qc7
9. O-O e5 10. dxe5 dxe5 11. Nd2 Be6 12. Nc4 Bxc4 13. Bxc4 Na6 14. Qe2 Qe7 15.
f3 Nc5 16. Rfd1 Ne6 17. Bxe6 Qxe6 18. Bc5 Rfd8 19. Rxd8+ Rxd8 20. Rd1 Rxd1+ 21.
Nxd1 Nd7 22. Bf2 Bf8 23. Qd2 Bb4 24. Qd3 Qd6 25. Qxd6 Bxd6 26. Ne3 Bc7 27. Kf1
Kf8 28. Be1 Ke7 29. Nc4 b6 30. Ke2 Ke6 31. b3 Ke7 32. Bf2 Ke6 33. Kd3 Bd8 34.
c3 Bc7 35. b4 axb4 36. cxb4 Ke7 37. Na3 Bd6 38. Kc4 Kd8 39. Nc2 Kc7 40. g4 g5
41. Ne3 Bf8 42. Nf5 Kb7 43. Be3 h6 44. Bf2 Kc7 45. h4 Kb7 46. Be1 Kc7 47. Bd2
f6 48. h5 b5+ 49. Kb3 Nb6 50. a5 Nd7 51. Be3 Kb7 52. Bc5 Nxc5+ 53. bxc5 Ka6 54.
Kb4 Ka7 55. Nd6 Ka6 56. Nf7 Kb7 57. Nd8+ Ka6 58. Nxc6 Bg7 59. Ne7 Bf8 60. Nf5
Bxc5+ 61. Kxc5 Kxa5 62. Nxh6 b4 63. Nf5 Ka4 64. Ne3 b3 65. h6 b2 66. Nd1 1-0

[Event "33ème Open International d'Avoine"]
[Site "Avoine"]
[Date "2018.07.21"]
[Round "9.34"]
[White "Navaratnam, Rohan Shan Tze"]
[Black "Poignot, Quentin"]
[Result "0-1"]
[WhiteElo "1943"]
[BlackElo "2191"]
[PlyCount "66"]
[EventDate "2018.??.??"]

1. e4 c5 2. c3 Nf6 3. e5 Nd5 4. d4 cxd4 5. Nf3 d6 6. cxd4 Nc6 7. Bc4 Nb6 8. Bb3
d5 9. Nh4 e6 10. Nf3 Be7 11. O-O O-O 12. Nc3 f5 13. exf6 Bxf6 14. Bc2 Bd7 15.
Qd3 g6 16. a3 Nc4 17. Ne2 Qb6 18. Bh6 Rf7 19. b3 Nd6 20. Ng5 Nxd4 21. Nxf7 Bb5
22. Qh3 Nxe2+ 23. Kh1 Nxf7 24. Be3 Qc6 25. Rac1 Nxc1 26. Rxc1 Rc8 27. Qg3 Bd3
28. Bd1 Qd7 29. Rxc8+ Qxc8 30. h4 Qc3 31. Kh2 Qe1 32. Bg4 Be5 33. f4 Qxg3+ 0-1

[Event "33ème Open International d'Avoine"]
[Site "Avoine"]
[Date "2018.07.21"]
[Round "9.35"]
[White "Mathieu, Phileas"]
[Black "Defromont, Benjamin"]
[Result "1/2-1/2"]
[WhiteElo "1935"]
[BlackElo "2132"]
[PlyCount "57"]
[EventDate "2018.??.??"]

1. e4 c5 2. Nf3 d6 3. Bb5+ Bd7 4. Bxd7+ Qxd7 5. O-O Nc6 6. c3 Nf6 7. Re1 g6 8.
d4 cxd4 9. cxd4 Bg7 10. Nc3 O-O 11. Bf4 Rac8 12. Rc1 Rfe8 13. d5 Nb4 14. a3 Na6
15. Nd4 Ng4 16. Ndb5 Ra8 17. b4 Ne5 18. Be3 Rec8 19. Bd4 Qg4 20. f3 Qh5 21.
Nxa7 Rc4 22. Nab5 Nc7 23. Rc2 Nxb5 24. Nxb5 Rac8 25. Ree2 Nxf3+ 26. gxf3 Qxf3
27. Rxc4 Qg4+ 28. Kf1 Rxc4 29. Bxg7 1/2-1/2

[Event "33ème Open International d'Avoine"]
[Site "Avoine"]
[Date "2018.07.21"]
[Round "9.36"]
[White "Deschin, Pierre-Antoine"]
[Black "Devaure, Guillaume"]
[Result "1/2-1/2"]
[WhiteElo "2131"]
[BlackElo "1933"]
[PlyCount "56"]
[EventDate "2018.??.??"]

1. Nf3 c5 2. c4 Nf6 3. Nc3 d6 4. g3 g6 5. Bg2 Nc6 6. d4 cxd4 7. Nxd4 Nxd4 8.
Qxd4 Bg7 9. O-O O-O 10. Qd3 Ng4 11. f4 Bf5 12. Qf3 Rb8 13. h3 Qb6+ 14. Kh1 Nf6
15. g4 Be6 16. b3 Qa5 17. Bd2 h5 18. g5 Nd7 19. e4 f5 20. gxf6 Nxf6 21. Rae1 h4
22. Qd3 Nh5 23. Kh2 g5 24. Nd5 Qd8 25. e5 Bf5 26. Qe3 Ng3 27. Rg1 dxe5 28. fxe5
e6 1/2-1/2

[Event "33ème Open International d'Avoine"]
[Site "Avoine"]
[Date "2018.07.21"]
[Round "9.37"]
[White "Djidjeli, Sofiane"]
[Black "Vekemans, Sylvain"]
[Result "1-0"]
[WhiteElo "2130"]
[BlackElo "1929"]
[PlyCount "73"]
[EventDate "2018.??.??"]

1. e4 c5 2. Nf3 Nc6 3. Bb5 g6 4. c3 Bg7 5. d4 cxd4 6. cxd4 a6 7. Bxc6 bxc6 8.
h3 Nf6 9. Nc3 O-O 10. O-O d5 11. e5 Nd7 12. Re1 Bb7 13. e6 fxe6 14. Ng5 e5 15.
Ne6 Qb6 16. Na4 Qa7 17. Nxf8 Rxf8 18. Qg4 Rf5 19. Qd1 Kf8 20. b3 exd4 21. Ba3
Bf6 22. Rc1 d3 23. Nc5 Ne5 24. Rxe5 Bxe5 25. g4 Rf7 26. Nd7+ Kg8 27. Bc5 Qa8
28. Nxe5 Rf6 29. Qxd3 a5 30. Re1 Ba6 31. Qg3 Qb7 32. Nf3 e6 33. Bd4 Rf8 34. Ng5
c5 35. Bxc5 Rc8 36. Bd4 Qb4 37. Qe5 1-0

[Event "33ème Open International d'Avoine"]
[Site "Avoine"]
[Date "2018.07.21"]
[Round "9.38"]
[White "Neau, Julien"]
[Black "Batteux, Mickael"]
[Result "0-1"]
[WhiteElo "1926"]
[BlackElo "2106"]
[PlyCount "90"]
[EventDate "2018.??.??"]

1. d4 Nf6 2. c4 c5 3. d5 b5 4. cxb5 a6 5. b6 e6 6. Nc3 Bb7 7. e4 exd5 8. exd5
d6 9. a4 Qxb6 10. a5 Qc7 11. Be2 Be7 12. Nf3 O-O 13. O-O Re8 14. h3 Nbd7 15.
Bf4 Bf8 16. Qd2 Rab8 17. Rfe1 g6 18. Ng5 h6 19. Nf3 Kh7 20. Ra4 Bc8 21. Bd3
Rxe1+ 22. Nxe1 Rb4 23. Rxb4 cxb4 24. Ne4 Nxe4 25. Bxe4 Qxa5 26. Nc2 Nc5 27. Bf3
g5 28. Bg3 Bf5 29. Qxb4 Qxb4 30. Nxb4 a5 31. Nc6 a4 32. Nd4 Be4 33. Bxe4+ Nxe4
34. Bh2 Bg7 35. Nb5 Bxb2 36. f3 Nf6 37. Bxd6 Nxd5 38. Na3 Bxa3 39. Bxa3 Ne3 40.
Kf2 Nc2 41. Bb2 a3 42. Bc3 a2 43. Ke2 a1=Q 44. Bxa1 Nxa1 45. Kd3 Nb3 0-1

[Event "33ème Open International d'Avoine"]
[Site "Avoine"]
[Date "2018.07.21"]
[Round "9.39"]
[White "Rubino, William"]
[Black "Yche, Michel"]
[Result "0-1"]
[WhiteElo "2106"]
[BlackElo "1924"]
[PlyCount "80"]
[EventDate "2018.??.??"]

1. e4 e6 2. d4 d5 3. Nc3 Bb4 4. e5 c5 5. a3 Bxc3+ 6. bxc3 Qc7 7. Qg4 f5 8. Qg3
Ne7 9. Bd2 O-O 10. Bd3 cxd4 11. cxd4 Nbc6 12. Ne2 Na5 13. Bb4 Rf7 14. O-O Bd7
15. Rab1 Nc4 16. Rfe1 b6 17. Nf4 Rc8 18. Nh5 Ng6 19. Bxc4 Qxc4 20. Nf4 Qxd4 21.
Nxg6 hxg6 22. c3 Qg4 23. Qxg4 fxg4 24. Re3 Rc4 25. Rd1 Rff4 26. g3 Rfe4 27.
Rxe4 Rxe4 28. Bd6 Bb5 29. Bb8 a6 30. Bd6 Bc4 31. Kg2 b5 32. h3 Be2 33. Rc1 Bf3+
34. Kh2 Re2 35. hxg4 Rxf2+ 36. Kh3 g5 37. Be7 Be2 38. Bxg5 Bf1+ 39. Rxf1 Rxf1
40. Be7 Re1 0-1

[Event "33ème Open International d'Avoine"]
[Site "Avoine"]
[Date "2018.07.21"]
[Round "9.40"]
[White "Cau, Benjamin"]
[Black "Bourdeaud'Huy, Thomas"]
[Result "1/2-1/2"]
[WhiteElo "2093"]
[BlackElo "1919"]
[PlyCount "24"]
[EventDate "2018.??.??"]

1. e4 d5 2. d4 Nf6 3. Nc3 g6 4. f3 c6 5. Be3 Qa5 6. Qd2 Nbd7 7. Bh6 b5 8. Bxf8
Nxf8 9. g4 b4 10. Nd1 Ne6 11. c3 bxc3 12. bxc3 h5 1/2-1/2

[Event "33ème Open International d'Avoine"]
[Site "Avoine"]
[Date "2018.07.21"]
[Round "9.41"]
[White "Joly, Julien"]
[Black "Rodriguez Rodriguez, Antonio"]
[Result "0-1"]
[WhiteElo "1917"]
[BlackElo "2088"]
[PlyCount "94"]
[EventDate "2018.??.??"]

1. e4 d6 2. d4 Nf6 3. Nc3 Nc6 4. Be3 a6 5. h3 e5 6. Nge2 exd4 7. Nxd4 g6 8. Qd2
Bg7 9. O-O-O Nxd4 10. Bxd4 O-O 11. g4 Re8 12. Bg2 c5 13. Be3 Be6 14. f4 Qa5 15.
a3 Rad8 16. Qe1 b5 17. f5 Bc4 18. g5 b4 19. gxf6 Bxf6 20. Nb1 Qa4 21. c3 Rb8
22. Qd2 Rb6 23. cxb4 Qb3 24. Rhe1 cxb4 25. axb4 Rxb4 26. Bd4 Bxd4 27. Qxd4 Rc8
28. Qc3 Be6 29. Qxc8+ Bxc8 30. Re2 Rc4+ 31. Nc3 gxf5 32. e5 dxe5 33. Bd5 Rxc3+
34. bxc3 Qxc3+ 35. Rc2 Qa3+ 36. Kd2 Bb7 37. Bxf7+ Kxf7 38. Rc7+ Kf6 39. Rxb7
Qxh3 40. Rb6+ Kg5 41. Rxa6 f4 42. Rd6 Qe3+ 43. Kc2 f3 44. Rd8 f2 45. Rg8+ Kf5
46. Rf8+ Ke4 47. Rf1 Qc5+ 0-1

[Event "33ème Open International d'Avoine"]
[Site "Avoine"]
[Date "2018.07.21"]
[Round "9.42"]
[White "Budak, Rewi"]
[Black "Imperor, Amelie"]
[Result "0-1"]
[WhiteElo "2075"]
[BlackElo "1912"]
[PlyCount "54"]
[EventDate "2018.??.??"]

1. e4 c5 2. d4 cxd4 3. Nf3 e6 4. c3 Nf6 5. e5 Nd5 6. cxd4 d6 7. a3 Be7 8. Bd3
b6 9. Qe2 Qc7 10. O-O Bb7 11. Bd2 Nc6 12. Rc1 Rc8 13. Nc3 Nxc3 14. Rxc3 Qd7 15.
Rac1 O-O 16. Ng5 Bxg5 17. Bxg5 dxe5 18. Bxh7+ Kxh7 19. Qh5+ Kg8 20. Bf6 Ne7 21.
Bxe5 Qd5 22. Qg4 Ng6 23. Bc7 Qe4 24. Qg3 Rxc7 25. Rxc7 Nf4 26. f3 Ne2+ 27. Kf2
Qxd4+ 0-1

[Event "33ème Open International d'Avoine"]
[Site "Avoine"]
[Date "2018.07.21"]
[Round "9.43"]
[White "Bex, Lennert"]
[Black "Lebret, Jean-Michel"]
[Result "1-0"]
[WhiteElo "1920"]
[BlackElo "2073"]
[PlyCount "89"]
[EventDate "2018.??.??"]

1. d4 d5 2. Nf3 e6 3. Bf4 c5 4. e3 Nc6 5. c3 Nf6 6. Nbd2 Bd6 7. Bg3 O-O 8. Be2
Re8 9. O-O e5 10. dxe5 Nxe5 11. Nxe5 Bxe5 12. Bb5 Bd7 13. Bxd7 Qxd7 14. Nf3
Bxg3 15. hxg3 Rad8 16. Qb3 Re6 17. Rfd1 Rd6 18. a4 a5 19. Qc2 Qg4 20. Rd3 Qe4
21. Rd2 b6 22. Rad1 Kf8 23. Qxe4 Nxe4 24. Rc2 Ke7 25. Kf1 f6 26. Ke2 Kd7 27.
Rh1 h6 28. Rhc1 Ke7 29. Nh4 R6d7 30. f3 Nd6 31. g4 Kf7 32. Rd1 Ne8 33. Rcd2 Ke6
34. f4 Nc7 35. g3 Kd6 36. Nf5+ Kc6 37. c4 g6 38. cxd5+ Nxd5 39. Rxd5 gxf5 40.
Rxd7 Rxd7 41. Rxd7 Kxd7 42. gxf5 h5 43. Kd3 Kc6 44. Kc4 Kd6 45. e4 1-0

[Event "33ème Open International d'Avoine"]
[Site "Avoine"]
[Date "2018.07.21"]
[Round "9.44"]
[White "Plessis, Arnaud"]
[Black "Gey, Marc-Emile"]
[Result "1/2-1/2"]
[WhiteElo "2073"]
[BlackElo "1900"]
[PlyCount "137"]
[EventDate "2018.??.??"]

1. e4 e5 2. Nf3 Nc6 3. Bb5 Nf6 4. d3 Bc5 5. c3 d6 6. O-O O-O 7. h3 Bd7 8. Re1
h6 9. Nbd2 a6 10. Ba4 Ne7 11. Bxd7 Qxd7 12. Nf1 Ng6 13. Ng3 Rfe8 14. d4 exd4
15. cxd4 Bb6 16. Qd3 Rac8 17. Bd2 Qb5 18. Qxb5 axb5 19. Bc3 Nf4 20. Rad1 Rcd8
21. d5 N4h5 22. Nxh5 Nxh5 23. Nd4 Nf6 24. f3 Ra8 25. a3 Nd7 26. Kh2 Bxd4 27.
Bxd4 Ra4 28. Bc3 Rc4 29. Rc1 Nc5 30. Rb1 b6 31. Rec1 Nb3 32. Rd1 Nc5 33. Rd4 f6
34. Rc1 Nb3 35. Rxc4 bxc4 36. Rc2 b5 37. Bb4 f5 38. a4 Nd4 39. Rc1 Nb3 40. Rc2
Nd4 41. Rc3 fxe4 42. axb5 e3 43. Rxc4 Nxb5 44. Re4 Kf7 45. Rxe8 Kxe8 46. Kg3
Nd4 47. f4 Ne2+ 48. Kg4 Nd4 49. Bc3 e2 50. Kg3 g6 51. Kf2 Nf5 52. Kxe2 Ne7 53.
Bg7 h5 54. Kf3 Nxd5 55. Ke4 Ne7 56. b4 Kf7 57. Bc3 Ke6 58. b5 c5 59. g4 hxg4
60. hxg4 d5+ 61. Kd3 d4 62. Ba5 Kd5 63. Bd8 c4+ 64. Kd2 Nc8 65. b6 Nd6 66. f5
gxf5 67. gxf5 Kc6 68. f6 Ne4+ 69. Kc1 1/2-1/2

[Event "33ème Open International d'Avoine"]
[Site "Avoine"]
[Date "2018.07.21"]
[Round "9.45"]
[White "Mauffrey, Hugues"]
[Black "Fruteau, Sabine"]
[Result "1-0"]
[WhiteElo "1876"]
[BlackElo "2071"]
[PlyCount "83"]
[EventDate "2018.??.??"]

1. e4 d5 2. exd5 Qxd5 3. Nc3 Qd6 4. d4 Nf6 5. Nf3 a6 6. g3 b5 7. Bf4 Qb6 8. Bg2
Bb7 9. O-O e6 10. a4 c5 11. axb5 axb5 12. Rxa8 Bxa8 13. Qe2 c4 14. Qe5 Nc6 15.
Qxb5 Qxb5 16. Nxb5 Nd5 17. Ra1 Bb7 18. Ne5 Nxe5 19. Bxe5 f6 20. Bb8 Be7 21. Ra7
Bc6 22. Nd6+ Kf8 23. Nxc4 Kf7 24. Bd6 Re8 25. Nb6 Kf8 26. Bxe7+ Rxe7 27. Rxe7
Nxe7 28. Bxc6 Nxc6 29. c3 Ke7 30. Kg2 Kd6 31. f4 Ne7 32. Kf3 Kc6 33. Nc4 Kb5
34. Nd2 h5 35. Ke4 Nf5 36. b3 Nh6 37. h3 Nf5 38. g4 hxg4 39. hxg4 Nd6+ 40. Kd3
Nf7 41. Ke4 g5 42. Kf3 1-0

[Event "33ème Open International d'Avoine"]
[Site "Avoine"]
[Date "2018.07.21"]
[Round "9.46"]
[White "Bianchi, Guillaume"]
[Black "Arene, Olivier"]
[Result "1-0"]
[WhiteElo "2071"]
[BlackElo "1888"]
[PlyCount "107"]
[EventDate "2018.??.??"]

1. d4 Nf6 2. Bf4 g6 3. Nc3 d5 4. e3 Bg7 5. h4 h5 6. Nb5 Na6 7. c4 c6 8. Nc3
dxc4 9. Bxc4 b5 10. Bd3 Nb4 11. Be2 Bg4 12. Nf3 Nbd5 13. Be5 O-O 14. O-O b4 15.
Na4 Ne4 16. Rc1 e6 17. Bxg7 Kxg7 18. Qc2 Ng3 19. fxg3 Nxe3 20. Qe4 Nxf1 21.
Rxf1 Qd5 22. Qxd5 exd5 23. Bd3 f6 24. Rc1 Rfe8 25. Kf2 Re7 26. Rxc6 Rae8 27.
Nc5 Re3 28. Ne5 R3xe5 29. dxe5 fxe5 30. Rxg6+ Kf7 31. Ra6 e4 32. Rxa7+ Kf6 33.
Be2 Bxe2 34. Kxe2 Ke5 35. Ra4 Rc8 36. Ra5 Kd6 37. Nxe4+ dxe4 38. Rxh5 Rc2+ 39.
Ke3 Rxb2 40. Kxe4 Rxa2 41. Rb5 Rxg2 42. Kf4 Rb2 43. h5 Kc6 44. Rb8 Kc7 45. Re8
b3 46. g4 Rf2+ 47. Kg5 b2 48. Re1 Rc2 49. Rb1 Rc5+ 50. Kf6 Rc6+ 51. Kf7 Rb6 52.
g5 Kd6 53. h6 Ke5 54. h7 1-0

[Event "33ème Open International d'Avoine"]
[Site "Avoine"]
[Date "2018.07.21"]
[Round "9.47"]
[White "Dube, Dimitri"]
[Black "Kempinski, Andre"]
[Result "1-0"]
[WhiteElo "2061"]
[BlackElo "1898"]
[PlyCount "105"]
[EventDate "2018.??.??"]

1. c3 Nf6 2. d3 g6 3. e4 d6 4. f4 Bg7 5. Nf3 O-O 6. Be2 c5 7. Na3 Nc6 8. O-O
Rb8 9. Qe1 b5 10. Nc2 c4 11. dxc4 bxc4 12. Bxc4 d5 13. exd5 Nxd5 14. Qe2 Na5
15. Bd3 Qc7 16. Ne5 Be6 17. c4 Nf6 18. b3 Rfd8 19. Bb2 Ng4 20. Rad1 h5 21. h3
Nh6 22. Ne3 Rb6 23. Be4 Rbd6 24. Nd5 Bxd5 25. cxd5 f6 26. Nc4 Nxc4 27. Qxc4
Qxc4 28. bxc4 Kf7 29. Bc2 Ra6 30. Bb3 Nf5 31. Rf3 Rc8 32. g4 hxg4 33. hxg4 Nd6
34. Rc1 f5 35. Be5 Ne4 36. gxf5 gxf5 37. Rh3 Bxe5 38. fxe5 Rg8+ 39. Kf1 Nd2+
40. Kf2 Nxb3 41. axb3 Ra2+ 42. Kf3 Rgg2 43. Rh7+ Kg6 44. Rxe7 Rgf2+ 45. Ke3
Rad2 46. Rg1+ Kh6 47. Rf7 Rfe2+ 48. Kf4 Rf2+ 49. Kg3 Kg6 50. e6 Kg5 51. e7 Rfe2
52. Kf3+ Kh6 53. d6 1-0